书目信息 |
| 题名: |
电路设计与制版
|
|
| 作者: | 高鹏 , 安涛 , 寇怀成 编著 | |
| 分册: | ||
| 出版信息: | 北京 人民邮电出版社 2000 |
|
| 页数: | 428页 | |
| 开本: | 26cm | |
| 丛书名: | ||
| 单 册: | ||
| 中图分类: | TN402 | |
| 科图分类: | ||
| 主题词: | 微电子技术 , 集成电路--设计--软件 | |
| 电子资源: | ||
| ISBN: | 7-115-08426-2 | |
| 000 | 00783nam0 2200241 45 | |
| 001 | 0303111599 | |
| 005 | 20031219104106.8 | |
| 010 | @a7-115-08426-2@dCNY45.00 | |
| 100 | @a20030311d2000 km y0chiy0120 ea | |
| 101 | 0 | @achi |
| 105 | @a z 000yy | |
| 200 | 1 | @a电路设计与制版@ADian Lu She Ji Yu Zhi Ban@eProtel 99 入门与提高@EProtel 99 Ru Men Yu Ti Gao@f高鹏,安涛,寇怀成编著@FGao Peng,An Tao,Kou Huai Cheng Bian Zhu |
| 210 | @a北京@c人民邮电出版社@d2000 | |
| 215 | @a428页@d26cm@e1软盘 | |
| 517 | @aProtel 99 入门与提高@AProtel 99 Ru Men Yu Ti Gao | |
| 606 | 0 | @a微电子技术 |
| 606 | 0 | @a集成电路@x设计@x软件 |
| 690 | @aTN402@v4 | |
| 701 | 0 | @a高鹏@4编著 |
| 701 | 0 | @a安涛@4编著 |
| 701 | 0 | @a寇怀成@4编著 |
| 801 | @aCN@bTSTC@c20030311 | |
| 905 | @b321190-194@dTN402@e86@f5 | |
| 电路设计与制版:Protel 99 入门与提高/高鹏,安涛,寇怀成编著.-北京:人民邮电出版社,2000 |
| 428页;26cm+1软盘 |
| ISBN 7-115-08426-2:CNY45.00 |
| ● |
| 相关链接 |
|
|
|
|
正题名:电路设计与制版
索取号:TN402/86
 
预约/预借
| 序号 | 登录号 | 条形码 | 馆藏地/架位号 | 状态 | 备注 |
| 1 | 0321190 | 203211906 | 第三借阅区/ [索取号:TN402/86] | 在馆 | |
| 2 | 0321191 | 203211915 | 第三借阅区/ [索取号:TN402/86] | 在馆 | |
| 3 | 0321192 | 203211924 | 第三借阅区/ [索取号:TN402/86] | 在馆 | |
| 4 | 0321193 | 203211933 | 第三借阅区/ [索取号:TN402/86] | 在馆 | |
| 5 | 0321194 | 203211942 | 第二样本阅览室/ [索取号:TN402/86] | 在馆 |